| 000 | 00620nam a2200217 a 4500 | ||
|---|---|---|---|
| 999 |
_c2595 _d2595 |
||
| 001 | 2595 | ||
| 003 | BD-JhCC | ||
| 005 | 20171105094934.0 | ||
| 008 | 171105s1979 ii |||| ||a| 000 0 ben d | ||
| 035 | _a(BD-JhCC)2595 | ||
| 040 |
_aBD-JhCC _dBD-JhCC |
||
| 041 | _aben | ||
| 082 |
_a891.443 _bSAN 1979 |
||
| 100 | _aশংকর | ||
| 245 |
_aনগর নন্দিনী / _cশংকর |
||
| 260 |
_aকলিকাতা : _b১৩ বঙ্কিম চ্যাটার্জী স্ট্রীট, _c1979 |
||
| 300 |
_a270 p. : _c22 cm. |
||
| 650 | _aBengali Novel | ||
| 942 |
_2ddc _cBK |
||